| Tag |
First Indicator |
Second Indicator |
Subfields |
| LEADER |
00000cam a2200000 a 4500 |
| 001 |
in00001684921 |
| 005 |
20190628145542.0 |
| 008 |
020426t20022001stk 000 f eng d |
| 010 |
|
|
|a 2002437969
|
| 035 |
|
|
|a (OCoLC)ocm49678312
|
| 040 |
|
|
|a BDS
|b eng
|c DLC
|d UKM
|d BTCTA
|d YDXCP
|d BAKER
|d OCLCG
|d BDX
|d CTB
|d OCLCF
|d OCLCQ
|d OCLCO
|d VT2
|d TXA
|
| 015 |
|
|
|a GBA2X5139
|2 bnb
|
| 016 |
7 |
|
|a 1841952745
|2 Uk
|
| 019 |
|
|
|a 49690397
|
| 020 |
|
|
|a 1841952745
|
| 020 |
|
|
|a 9781841952741
|
| 035 |
|
|
|a (OCoLC)49678312
|z (OCoLC)49690397
|
| 050 |
0 |
0 |
|a PS3553.O582
|b M9 2002
|
| 082 |
0 |
0 |
|a 813/.54
|2 21
|
| 049 |
|
|
|a TXAM
|
| 090 |
|
|
|a PS3553.O582
|b M92 2002
|
| 100 |
1 |
|
|a Cooper, Dennis,
|d 1953-
|e author.
|
| 245 |
1 |
0 |
|a My loose thread /
|c Dennis Cooper.
|
| 264 |
|
1 |
|a Edinburgh :
|b Canongate,
|c 2002.
|
| 264 |
|
4 |
|c ©2001
|
| 300 |
|
|
|a 121 pages ;
|c 23 cm
|
| 336 |
|
|
|a text
|b txt
|2 rdacontent
|
| 337 |
|
|
|a unmediated
|b n
|2 rdamedia
|
| 338 |
|
|
|a volume
|b nc
|2 rdacarrier
|
| 530 |
|
|
|a Also issued online.
|
| 520 |
|
|
|a Larry, a teenager not only wrestling with his sexuality and the implications of a physical relationship with his younger brother but with the purpose and the reason to his existence, is numb. Dead. As the book opens, Larry has been paid $500 by a senior to kill a fellow pupil and retrieve the boy's notebook. It seems simple enough. However, once Larry ventures into the notebook, complications arise. Struck at once by both the beauty of articulation and by the horror of its content, Larry longs for such an ability to communicate but feels powerless: Is there a place for sincerity or concern, or indeed love? My Loose Thread is a claustrophobic read and a harrowing piece of fiction that is all the more so for the gracefulness of the language. It confirms Cooper's reputation as one of the most talented and original novelists writing today.--Amazon.com.
|
| 500 |
|
|
|a The Cushing Library/Women & Gender Studies copy was acquired as part of The Don Kelly Research Collection of Gay Literature and Culture.
|5 TXA
|
| 500 |
|
|
|a The Cushing Library/Women & Gender Studies copy is signed by the author.
|5 TXA
|
| 650 |
|
0 |
|a Teenage boys
|v Fiction.
|
| 650 |
|
7 |
|a Teenage boys.
|2 fast
|0 (OCoLC)fst01145373
|
| 655 |
|
7 |
|a Fiction.
|2 fast
|0 (OCoLC)fst01423787
|
| 655 |
|
7 |
|a Gay fiction.
|2 lcgft
|
| 776 |
0 |
8 |
|i Online version:
|a Cooper, Dennis, 1953-
|t My loose thread.
|d Edinburgh : Canongate, 2002
|w (OCoLC)606820809
|
| 948 |
|
|
|a cataloged
|b h
|c 2002/7/19
|d c
|e jlanham
|f 1:55:13 pm
|
| 994 |
|
|
|a C0
|b TXA
|
| 948 |
|
|
|a updated
|b h
|c 2019/6/28
|d c
|e nbehmer
|f 2:54:46 pm
|
| 999 |
f |
f |
|s 98f577ad-ca21-39ce-bdab-9eef372d9a78
|i 2258f2de-955c-3bdf-a28b-20ffceaf4fd3
|t 0
|
| 952 |
f |
f |
|p ric
|a Texas A&M University
|b Rellis Campus
|c Joint Library Facility
|s JLF
|d Remote Storage
|t 0
|e PS3553.O582 M92 2002
|h Library of Congress classification
|i unmediated -- volume
|m A14829223127
|
| 998 |
f |
f |
|a PS3553.O582 M92 2002
|t 0
|l Remote Storage
|